000 01541nam a2200289 4500
003 CO-CtgCURN
005 20250329165447.0
008 160531s2013 000 0 eng d
040 _aCO-CtgCURN
_bspa
_ccoctgcurn
082 0 _aINS 2013
_bB239
100 1 _aBarboza Angulo, Ricardo Jose.
245 1 0 _aDiseño e implementación de un sistema de autenticacion y gestión de usuarios para el 2do piso de laboratorio de sistemas de la Corporacion Universitaria Rafael Nuñez basado en Hotspot (portal cautivo) utilizando Routerboard Mikrotik /
_cRicardo Jose Barboza Angulo, Francisco Javier Herrera Velasquez ; director, Yenny Julio Narvaez.
260 _aCartagena de Indias :
_bCorporacion Universitaria Rafael Nuñez,
_c2013.
300 _a36 h.
336 _2rdacontent
337 _2rdamedia
_asin mediacion
_bn
338 _2rdacarrier
_avolumen
_bnc
502 _aTrabajo de grado (Ingeniero de Sistemas). Corporacion Universitaria Rafael Nuñez. Programa de Ingenieria de Sistemas, 2013.
504 _aIncluye bibliografia.
590 _aIngenieria de Sistemas
650 0 _aIngenieria de Sistemas
_vTesis y disertaciones academicas.
700 1 _aHerrera Velasquez, Francisco Javier.
700 1 _aJulio Narvaez, Yenny,
_edirector.
856 7 _uhttps://unicurn.sharepoint.com/:b:/s/biblioteca/EYoXBjFmAT9LutrFNmK_7jsBsH15a4iRgAj1HtPU4_SCKg?e=mD3Rq5
_zClick aqui para verl el texto completo
942 _hINS 2013
_iB239
_2ddc
_cTG
999 _c4769
_d4769